00390nam a2200145Ia 4500008004100000020001500041041001200056082001600068100002100084245006600105260003400171300000800205650001600213700001500229221030s9999 xx 000 0 und d a8186340084 aEnglish a105.23bRaf aM. Raffiquzzaman 0aModern Computer Architecturecby M. Raffiquzzaman, R. Chandra bGalgotia PubaNew Delhic1999 a410 aBE Computer aR. Chandra